Piłkarski quiz pochodzeniowy! - Statystyki

Ogólne statystyki
  • Ten quiz został rozwiązany 48 razy
  • Średni wynik to 8 z 20
Statystyki odpowiedzi
Piłkarz Kraj pochodzenia % Poprawnych
Mesut Özil Turcja
84%
Emmanuel Olisadebe Nigeria
70%
Nabil Fekir Algieria
68%
Alfredo Di Stéfano Argentyna
55%
Virgil Van Dijk Surinam
55%
Paul Pogba Gwinea
52%
Kylian Mbappé Kamerun / Algieria
48%
N'golo Kante Mali
48%
Sami Khedira Tunezja
48%
Ansu Fati Gwinea Bissau
41%
Wissam Ben Yedder Tunezja
41%
Samuel Umtiti Kamerun
36%
Georginio Wijnaldum Surinam
36%
Presnel Kimpembe Konga / Demokratyczna Republika Konga
30%
Raphaël Varane Martynika
25%
Claude Makélélé Konga / Demokratyczna Republika Konga
23%
Thierry Henry Gwadelupa
20%
Blaise Matuidi Angola
16%
Alexandre Lacazette Gwadelupa
16%
Kurt Zouma Republika Środkowoafrykańska
14%
Nie znaleziono quizów pasujących do podanych kryteriów
Rozkład punktacji
Procent ludzi z każdym wynikiem
Percentyl według liczby udzielonych odpowiedzi
Twoja historia wyników
Nie rozwiązałeś tego quizu